都道府県別 最も面積の大きい市区町村 - Statistics

General Stats
  • This quiz has been taken 67 times
  • The average score is 40 of 47
Answer Stats
Hint Answer % Correct
三重県 津市
97%
岐阜県 高山市
95%
静岡県 浜松市
95%
京都府 京都市
95%
大阪府 大阪市
95%
福岡県 北九州市
95%
富山県 富山市
93%
鳥取県 鳥取市
93%
香川県 高松市
93%
神奈川県 横浜市
91%
長野県 松本市
91%
山口県 山口市
91%
東京都 奥多摩町
90%
愛知県 豊田市
90%
兵庫県 豊岡市
90%
岩手県 宮古市
88%
福島県 いわき市
88%
埼玉県 秩父市
88%
奈良県 十津川村
88%
和歌山県 田辺市
88%
佐賀県 唐津市
88%
徳島県 三好市
86%
青森県 むつ市
84%
山形県 鶴岡市
84%
栃木県 日光市
84%
石川県 白山市
84%
滋賀県 高島市
84%
福井県 大野市
83%
島根県 益田市
83%
広島県 庄原市
83%
高知県 四万十町
83%
宮崎県 延岡市
83%
秋田県 由利本荘市
81%
新潟県 村上市
81%
宮城県 栗原市
79%
北海道 北見市
78%
群馬県 みなかみ町
78%
千葉県 市原市
78%
大分県 佐伯市
78%
長崎県 対馬市
76%
鹿児島県 薩摩川内市
76%
茨城県 常陸太田市
74%
山梨県 北杜市
74%
熊本県 天草市
74%
岡山県 真庭市
72%
愛媛県 久万高原町
69%
沖縄県 竹富町
60%
No matching quizzes found
Score Distribution
Percent of People with Each Score
Percentile by Number Answered
Your Score History
You have not taken this quiz